000 00297nam a22001337a 4500
008 181005b xxu||||| |||| 00| 0 eng d
020 _a9780521560603
041 _aeng
080 _a201
100 _a24
101 _aTEO
245 _aEnlightment and Religion
_cHaakonssen, K
942 _2udc
_cBK
999 _c48892
_d48892